Statistics for masons science 3?

Click here to take the quiz!

General Stats

  • This quiz has been taken 14 times
  • The average score is 5 of 11

Answer Stats

HintAnswer% Correct
is a fan-shaped (triangular) deposit of earth materials at the mouth of a streamdelta
100%
involves 2 processes: weathering and transporterosion
80%
a low area in which sediments are often depositedbasin
60%
is a V-shape valley eroded by a river or a streamcanyon
60%
a large, nearby level area that has been lifted above the surrounding areaplateau
60%
the course or path the water takes in a stream or riverchannel
40%
the process by which eroded earth materials settle out in another placedeposition
40%
are eroded earth materials that have been depositedsediments
40%
a system of rivers and streams that drain an areadrainage basin
20%
is a shape or feature of the earth's surface, like a delta or a canyonlandform
20%
a curve or loop in a channelmeander
20%

Score Distribution

Percentile by Number Answered

Percent of People with Each Score

Your Score History

You have not taken this quiz